Analyse fonctionnelle (Record no. 33432)
[ view plain ]
| 000 -LEADER | |
|---|---|
| fixed length control field | 00644 a2200289 4500 |
| 037 ## - SOURCE OF ACQUISITION | |
| Stock number | S6217 |
| 037 ## - SOURCE OF ACQUISITION | |
| Stock number | S6218 |
| 020 ## - NUMERO INTERNATIONAL NORMALISE DES LIVRES | |
| International Standard Book Number | 2-85428-233-7 |
| 100 ## - VEDETTE PRINCIPALE - NOM DE PERSONNE | |
| Personal name | Samuelides, M. |
| 100 ## - VEDETTE PRINCIPALE - NOM DE PERSONNE | |
| Language of a work | Fr |
| 260 ## - PUBLICATION, DISTRIBUTION, ETC. (IMPRINT) | |
| Place of publication, distribution, etc | Toulouse |
| 260 ## - PUBLICATION, DISTRIBUTION, ETC. (IMPRINT) | |
| Name of publisher, distributor, etc | CEPADUES-Editions |
| 245 ## - TITLE STATEMENT | |
| Title | Analyse fonctionnelle |
| 260 ## - PUBLICATION, DISTRIBUTION, ETC. (IMPRINT) | |
| Date of publication, distribution, etc | 1989 |
| 300 ## - PHYSICAL DESCRIPTION | |
| Extent | 287p. |
| 300 ## - PHYSICAL DESCRIPTION | |
| Other physical details | 24cm |
| 440 ## - SERIES STATEMENT/ADDED ENTRY--TITLE | |
| Title | Collection la Chevêche |
| 630 ## - SUBJECT ADDED ENTRY--UNIFORM TITLE | |
| Uniform title | 51 - Mathematiques |
| 650 ## - SUBJECT ADDED ENTRY--TOPICAL TERM | |
| Topical term or geographic name as entry element | 5 - SCIENCES EXACTES ET NATURELLES |
| 650 ## - SUBJECT ADDED ENTRY--TOPICAL TERM | |
| Topical term or geographic name as entry element | Analyse |
| 650 ## - SUBJECT ADDED ENTRY--TOPICAL TERM | |
| Topical term or geographic name as entry element | Espaces de Hilbert |
| 650 ## - SUBJECT ADDED ENTRY--TOPICAL TERM | |
| Topical term or geographic name as entry element | Ensembles |
| 650 ## - SUBJECT ADDED ENTRY--TOPICAL TERM | |
| Topical term or geographic name as entry element | Fonctions |
| 700 ## - ADDED ENTRY--PERSONAL NAME | |
| Personal name | Touzillier, L. |
| Withdrawn status | Lost status | Damaged status | Not for loan | Location (home branch) | Sublocation or collection (holding branch) | Date acquired | Koha issues (times borrowed) | Koha full call number | Koha date last seen | Price effective from | Koha item type |
|---|---|---|---|---|---|---|---|---|---|---|---|
| Bibliothèque Universitaire Centrale | Bibliothèque Universitaire Centrale | 28/02/2009 | 517 SAM | 28/02/2009 | 28/02/2009 | Livre |